| 000 | 00745nam a2200193 a 4500 | ||
|---|---|---|---|
| 003 | 0 | ||
| 005 | 20250505143850.0 | ||
| 008 | 050808s19uu xx 00 eng d | ||
| 050 |
_aPHS HN 710 _b.P37 2005 |
||
| 100 | _aPark, Donglim. | ||
| 245 |
_aPoverty awareness of grade 11 students of Southville International School and Colleges / _cDonglim Park. |
||
| 260 |
_aLas PiƱas City, Philippines : _bSouthville International School and Colleges, _c2005. |
||
| 300 |
_a23 pages : _billustrations ; _c28 cm. |
||
| 504 | _aIncludes bibliographical references. | ||
| 650 |
_2Library of Congress Subject Headings _aPoverty _xStudy and teaching _zPhilippines. |
||
| 650 |
_aSocial issues _xEducation _zPhilippines. |
||
| 942 |
_2lcc _cPASS |
||
| 999 |
_c97282 _d97282 |
||